Universae Christianae theologiae Elementa Dogmatica, Historica, Critica (Record no. 10891)

MARC details
000 -CABECERA
campo de control de longitud fija 01520nam a22002897a 4500
001 - NÚMERO DE CONTROL
campo de control BRCA_9272
003 - IDENTIFICADOR DEL NÚMERO DE CONTROL
campo de control FranzMayer
005 - FECHA Y HORA DE LA ÚLTIMA TRANSACCIÓN
campo de control 20230719135303.0
008 - DATOS DE LONGITUD FIJA--INFORMACIÓN GENERAL
campo de control de longitud fija 230719b |||||||| |||| 00| 0 eng d
040 ## - FUENTE DE LA CATALOGACIÓN
Centro catalogador/agencia de origen MFM
Lengua de catalogación esp
Centro/agencia transcriptor MFM
050 #4 - SIGNATURA TOPOGRÁFICA DE LA BIBLIOTECA DEL CONGRESO
Número de clasificación LE53
Número de documento/Ítem N68 1787
082 ## - NÚMERO DE LA CLASIFICACIÓN DECIMAL DEWEY
Número de edición BT199
110 1# - ENTRADA PRINCIPAL--NOMBRE DE ENTIDAD CORPORATIVA
Código de función/relación Responsable
Nombre de entidad corporativa o nombre de jurisdicción como elemento de entrada Novis curis emendata
Unidad subordinada aufla
9 (RLIN) 28868
240 1# - TÍTULO UNIFORME
Título uniforme Universae Christianae theologiae Elementa Dogmatica, Historica, Critica
Medio Tomus secundus Antonii genuensis olim in regia neapolitana universitate P.P.P.
Lenguaje de la obra Latín
245 0# - MENCIÓN DE TÍTULO
Título Universae Christianae theologiae Elementa Dogmatica, Historica, Critica
Resto del título Tomus secundus Antonii genuensis olim in regia neapolitana universitate P.P.P.
250 ## - MENCIÓN DE EDICIÓN
Mención de edición Tercera edición
Resto de la mención de edición Editio Tertia
260 ## - PUBLICACIÓN, DISTRIBUCIÓN, ETC.
Lugar de publicación, distribución, etc. Venecia, Italia
Nombre del editor, distribuidor, etc. Baptistae Pasquali
Fecha de publicación, distribución, etc. 1787
300 ## - DESCRIPCIÓN FÍSICA
Extensión 412 p
Otras características físicas ilustraciones
Dimensiones 18 cm.
440 ## - MENCIÓN DE SERIE/PUNTO DE ACCESO ADICIONAL--TÍTULO
Título Universae Christianae theologiae Elementa Dogmatica, Historica, Critica
Número de parte o sección de la obra Antonii genuensis olim in regia neapolitana universitate P.P.P.
Nombre de parte o sección de la obra Tomus Secundus
Designación de volumen o secuencia Vol 2.
9 (RLIN) 28869
500 ## - NOTA GENERAL
Nota general Privilegio de la Corona Española
500 ## - NOTA GENERAL
Nota general Al inicio del libro contiene un sello con las iniciales R.S.C
500 ## - NOTA GENERAL
Nota general Algunas partes del libro están manchadas con una mezcla negra.
505 0# - NOTA DE CONTENIDO CON FORMATO
Nota de contenido con formato Texto en: latínDirigido a: teólogos, historiadores, investigadores.Incluye índice (temático)
650 1# - PUNTO DE ACCESO ADICIONAL DE MATERIA--TÉRMINO DE MATERIA
Fuente del encabezamiento o término Religión
Término de materia o nombre geográfico como elemento de entrada Religión cristiana
Subdivisión de forma Teología
9 (RLIN) 28870
651 2# - PUNTO DE ACCESO ADICIONAL DE MATERIA--NOMBRE GEOGRÁFICO
Fuente del encabezamiento o término Religión
Nombre geográfico Historia y principios de la religión
Subdivisión de forma Estudios religiosos
9 (RLIN) 28871
942 ## - ELEMENTOS DE PUNTO DE ACCESO ADICIONAL (KOHA)
Fuente del sistema de clasificación o colocación Library of Congress Classification
Tipo de ítem Koha Libros
Holdings
Estado de retiro Estado de pérdida Fuente del sistema de clasificación o colocación Estado dañado No para préstamo Código de colección Localización permanente Ubicación/localización actual Fecha de adquisición Fuente de adquisición Total de préstamos Signatura topográfica completa Código de barras Fecha visto por última vez Precio válido a partir de Tipo de ítem Koha
El ejemplar forma parte de la colección y puede ser consultado según las políticas vigentes.   Library of Congress Classification     Conventual Franz Mayer Biblioteca del Museo Franz Mayer (Rogerio Casas-Alatriste) Biblioteca del Museo Franz Mayer (Rogerio Casas-Alatriste) 19/07/2023 Donación   LE53 N68 1787 CFM00506 19/07/2023 19/07/2023 Libros